书目信息 |
| 题名: |
全国二级建造师执业资格考试采分点必背
|
|
| 作者: | 赵鹏飞 主编 | |
| 分册: | ||
| 出版信息: | 北京 电子工业出版社 2011.04 |
|
| 页数: | 193页 | |
| 开本: | 26cm | |
| 丛书名: | 飞思建筑考试中心 | |
| 单 册: | ||
| 中图分类: | TU | |
| 科图分类: | ||
| 主题词: | 建筑工程--jian zhu gong cheng--施工管理--建筑师--资格考试--自学参考资料 | |
| 电子资源: | ||
| ISBN: | 978-7-121-06556-9 | |
| 000 | 01258nam 2200289 450 | |
| 001 | 296157 | |
| 005 | 20110722194055.28 | |
| 010 | @a978-7-121-06556-9@dCNY28.00 | |
| 100 | @a20110425d2011 km y0chiy50 ea | |
| 101 | 0 | @achi |
| 102 | @aCN@b110000 | |
| 105 | @ak z 000yy | |
| 106 | @ar | |
| 200 | 1 | @a全国二级建造师执业资格考试采分点必背@Aquan guo er ji jian zao shi zhi ye zi ge kao shi cai fen dian bi bei@e建筑工程管理与实务@f赵鹏飞主编 |
| 210 | @a北京@c电子工业出版社@d2011.04 | |
| 215 | @a193页@d26cm | |
| 225 | 2 | @a飞思建筑考试中心@Afei si jian zhu kao shi zhong xin |
| 330 | @a本书是全国二级建造师执业资格考试的复习参考书。依据最新版考试大纲的要求编写,编者依据考试“点多、面广、题量大、分值小”的特点,对历年考点及历年考试真题进行分类解析,进一步提炼出“采分点”而成。全书精炼、准确,必背“采分点”突出。可使考生了解命题趋势和命题重点,以便掌握解题思路和答题技巧。 | |
| 333 | @a可供高等院校相关专业的师生参考。 | |
| 410 | 0 | @12001 @a飞思建筑考试中心 |
| 517 | 1 | @a建筑工程管理与实务@Ajian zhu gong cheng guan li yu shi wu |
| 586 | @a | |
| 606 | 0 | @a建筑工程@Ajian zhu gong cheng@x施工管理@x建筑师@x资格考试@j自学参考资料 |
| 690 | @aTU@v5 | |
| 701 | 0 | @a赵鹏飞@Azhao peng fei@4主编 |
| 801 | 0 | @aCN@c20110610 |
| 905 | @dTU@eZ310 | |
| 全国二级建造师执业资格考试采分点必背:建筑工程管理与实务/赵鹏飞主编.-北京:电子工业出版社,2011.04 |
| 193页;26cm.-(飞思建筑考试中心) |
| 使用对象:可供高等院校相关专业的师生参考。 |
| ISBN 978-7-121-06556-9:CNY28.00 |
| 本书是全国二级建造师执业资格考试的复习参考书。依据最新版考试大纲的要求编写,编者依据考试“点多、面广、题量大、分值小”的特点,对历年考点及历年考试真题进行分类解析,进一步提炼出“采分点”而成。全书精炼、准确,必背“采分点”突出。可使考生了解命题趋势和命题重点,以便掌握解题思路和答题技巧。 |
| ● |
| 相关链接 |
|
|
|
正题名:全国二级建造师执业资格考试采分点必背
索取号:TU/Z310
 
预约/预借
| 序号 | 登录号 | 条形码 | 馆藏地/架位号 | 状态 | 备注 |
| 1 | 887771 | 208877713 | 建筑库101/101建筑库 2排1列1层/ [索取号:TU/Z310] | 在馆 | |
| 2 | 887772 | 208877722 | 自科二线404/404自科库 1排2列4层/ [索取号:TU/Z310] | 在馆 | |
| 3 | 887773 | 208877731 | 建筑库101/101建筑库 2排1列1层/ [索取号:TU/Z310] | 在馆 | |
| 4 | 887774 | 208877740 | 自科二线404/404自科库 1排5列6层/ [索取号:TU/Z310] | 在馆 | |
| 5 | 887775 | 208877759 | 自科二线404/404自科库 1排2列4层/ [索取号:TU/Z310] | 在馆 | |
| 6 | 887776 | 208877768 | 建筑库101/101建筑库 2排1列1层/ [索取号:TU/Z310] | 在馆 | |
| 7 | 887777 | 208877777 | 自科二线404/404自科库 1排5列1层/ [索取号:TU/Z310] | 在馆 | |
| 8 | 887778 | 208877786 | 建筑库101/ [索取号:TU/Z310] | 在馆 | |
| 9 | 887779 | 208877795 | 自科二线404/404自科库 1排5列6层/ [索取号:TU/Z310] | 在馆 | |
| 10 | 887780 | 208877802 | 自科二线404/404自科库 1排5列6层/ [索取号:TU/Z310] | 在馆 |